|
|
|
|
| LEADER |
00000cam a2200000 a 4500 |
| 001 |
vtls001328559 |
| 003 |
SK-MaSNL |
| 005 |
20260301065815.0 |
| 008 |
240313s1990 xr 00000 cze |
| 035 |
|
|
|a SNK000281385
|
| 040 |
|
|
|a SNK
|b slo
|c SNK
|e AACR2
|
| 041 |
0 |
|
|a cze
|
| 044 |
|
|
|a xr
|c CZ
|
| 080 |
|
|
|a 517.9(075.8)
|2 1981
|
| 100 |
1 |
|
|a Barták, Jaroslav,
|d 1923-1986
|4 aut
|9 385077
|
| 245 |
1 |
|
|a Diferenciální rovnice
|c Jaroslav Barták
|
| 250 |
|
|
|a 2. vyd.
|
| 260 |
|
|
|a Praha
|b Státní pedagogické nakladatelství
|c 1990
|
| 300 |
|
|
|a 201 s.
|c 4°
|
| 650 |
0 |
7 |
|a matematika
|2 SNKPH
|9 70174
|
| 650 |
0 |
7 |
|a diferenciálne rovnice
|2 SNKPH
|9 63334
|
| 655 |
|
7 |
|a učebnice vysokých škôl
|2 SNKPH
|9 70191
|
| 710 |
2 |
|
|a Univerzita Karlova
|4 pbl
|
| 852 |
|
|
|a Slovenská národná knižnica
|
| 958 |
|
|
|a RK
|
| 958 |
|
|
|a OND
|
| 999 |
|
|
|c 632066
|d 633996
|
| 952 |
|
|
|t P60, <04>, [BOOK], {604}
|a SNK
|b SNK
|y VYP
|7 0
|o snkIB 63743 D1
|i snkKIP 3396/90
|0 0
|1 0
|4 0
|d 1998-04-22
|l 0
|r 2005-01-02 00:00:00
|w 2026-02-23
|
| 952 |
|
|
|t P60, <04>, [BOOK], {604}
|a SNK
|b SNK
|y VYP
|7 0
|o snkIB 63743
|i snkKIP 3395/90
|0 0
|1 0
|4 0
|d 1998-04-22
|l 0
|r 2005-01-02 00:00:00
|w 2026-02-23
|
| 952 |
|
|
|t P60, <04>, [BOOK], {604}
|a SNK
|b SNK
|y VYP
|7 0
|p 17A0206702
|o snkIB 63743 D1
|0 0
|1 1
|4 0
|d 1999-08-16
|l 0
|r 2005-01-02 00:00:00
|w 2026-02-23
|